000 01184nam0a2200349 4500
001 RU\NLR\BIBL_A\012751716
005 20220526114918.0
010 _a978-5-04-116309-9
_910 000
021 _aRU
_bКН-П-22-055058
_9КН-П-22-4778
021 _aRU
_bКН-П-21-090957
_9КН-П-21-7248
035 _a(NLR Aleph) 012751716
035 _a(RuMoRGB)010933134
090 _a13034333
_c13034333
100 _a20220405d2022 u y0rusy50 ca
101 1 _arus
_ceng
102 _aRU
105 _ay z 000 y
181 0 _ai
_baxxe
182 0 _an
200 1 _aДобрая самаритянка
_fДжон Маррс
_gперевод с английского М. В. Смирновой
203 _aТекст
_bвизуальный
_cнепосредственный
210 _aМосква
_cЭксмо
_d2022
215 _a380, [2] с.
_cил.
_d21
225 1 _aАльфа-триллер
333 _a16+
686 1 _aШ6(4Вл)67-446{Лх1299-60}
700 1 _aМаррс
_bД.
_gДжон
_3RU\NLR\AUTH\770220343
942 _cBOOK
980 _aNB